Départements français entièrement situés entre la Suisse et la Belgique - Statistiques

Statistiques générales
  • Ce quiz a été pris 2 979 fois
  • Le résultat moyen est 5 sur 17
Statistiques - réponses
Département % Correct
Bas-Rhin
75%
Paris
47%
Vosges
39%
Marne
34%
Seine-Saint-Denis
33%
Val-de-Marne
32%
Seine-et-Marne
31%
Val-d'Oise
31%
Yvelines
31%
Essonne
30%
Hauts-de-Seine
30%
Aube
20%
Eure
19%
Eure-et-Loir
15%
Calvados
13%
Orne
13%
Côtes-d'Armor
8%
Aucun quiz correspondant
Distribution des résultats
% des personnes avec chaque résultat
Percentile par nombre de réponses
Votre historique - résultats
Vous n’avez pas pris ce quiz